Natural rubber latex filler master batch by soap sensitised coagulation- Preparation processing and evaluation (Record no. 74644)

MARC details
000 -LEADER
fixed length control field 00524nam a2200157Ia 4500
100 ## - MAIN ENTRY--AUTHOR NAME
Personal name Sasidharan, K.K.
245 #0 - TITLE STATEMENT
Title Natural rubber latex filler master batch by soap sensitised coagulation- Preparation processing and evaluation
260 ## - PUBLICATION, DISTRIBUTION, ETC. (IMPRINT)
Name of publisher Cochin University of Science and Technology
Place of publication Kochi
Year of publication 2014
300 ## - PHYSICAL DESCRIPTION
Number of Pages 173
500 ## - GENERAL NOTE
General note Course: PhD
500 ## - GENERAL NOTE
General note T198
700 ## - ADDED ENTRY--PERSONAL NAME
Personal name Dr Thomas Kurian
850 ## - HOLDING INSTITUTION
Holding institution Rubber Research Institute of India, Kottayam
942 ## - ADDED ENTRY ELEMENTS (KOHA)
Koha item type Theses
Holdings
Withdrawn status Lost status Damaged status Not for loan Collection code Home library Current library Shelving location Date acquired Koha item type
      Theses Thesis RRII Library RRII Library Rubber technology 31/12/2021 Theses